000 00507nam a2200169 i 4500
001 56795
003 ES-MaACL
005 20230906163439.0
007 t|
008 031013s1960 sp ||||1| spa d
100 1 _aDiego de Estella.
_944559
245 1 0 _aCien meditaciones devotísimas del amor de Dios /
_cDiego de Estella ; prólogo de Juan Meseguer.
260 _aMadrid :
_bCisneros,
_c1960.
300 _a594 p. ;
_c12 cm.
700 1 _aMeseguer, Juan.
_980654
852 _aES-MaACL
_jG-9055
_bR.48149
999 _c56795
_d56795